Drug facts and comparison (Record no. 2589)

MARC details
000 -LEADER
fixed length control field 00335nam a22001337a 4500
008 - FIXED-LENGTH DATA ELEMENTS--GENERAL INFORMATION
fixed length control field 250321b |||||||| |||| 00| 0 eng d
020 ## - INTERNATIONAL STANDARD BOOK NUMBER
ISBN 093268694X
245 ## - TITLE STATEMENT
Title Drug facts and comparison
260 ## - PUBLICATION, DISTRIBUTION, ETC. (IMPRINT)
Place of publication America
Name of publisher Facts and comparison
Date of publication 1994
300 ## - COLLATION
Pagination xv,3157p
650 ## - TRACINGS
Main Subject Drugs
Subdivision (1st) Chemotherapy
942 ## - ADDED ENTRY ELEMENTS (KOHA)
Item type Books
050 ## - LIBRARY OF CONGRESS CALL NUMBER
Classification number RM300
Item number .D78
Holdings
Source of classification or shelving scheme Not for loan Permanent location Current location Date acquired Accession No. Full call number Barcode. Koha item type
Library of Congress Classification   Medical Library Medical Library 03/21/2025 2024/63062 RM300.D78 2025-0871 Books